[Event "World Chess Olympiad 2018"]
[Site "Batumi"]
[Date "2018.09.26"]
[Round "3"]
[Board "4"]
[WhiteFideId "8701776"]
[White "Mulenga Prince Daniel"]
[BlackFideId "12805165"]
[Black "Jankunas Tomas"]
[Result "1-0"]
[LiveChessVersion "1.4.8"]
[BlackElo "2093"]
[WhiteElo "2237"]

1. Nf3 {[%clk 1:30:54]} Nf6 {[%clk 1:29:43]} 2. c4 {[%clk 1:31:11]} g6
{[%clk 1:30:07]} 3. g3 {[%clk 1:31:16]} Bg7 {[%clk 1:29:56]} 4. Bg2
{[%clk 1:31:44]} d6 {[%clk 1:30:10]} 5. O-O {[%clk 1:32:06]} O-O {[%clk 1:30:34]}
6. Nc3 {[%clk 1:32:24]} c6 {[%clk 1:23:59]} 7. d3 {[%clk 1:32:12]} e5
{[%clk 1:22:36]} 8. Rb1 {[%clk 1:31:17]} Nbd7 {[%clk 1:18:28]} 9. b4
{[%clk 1:31:00]} a5 {[%clk 1:16:24]} 10. b5 {[%clk 1:26:04]} Qc7 {[%clk 1:01:06]}
11. bxc6 {[%clk 1:24:03]} bxc6 {[%clk 1:01:27]} 12. Ba3 {[%clk 1:24:30]} Re8
{[%clk 1:00:22]} 13. Nd2 {[%clk 1:24:46]} Rb8 {[%clk 0:52:19]} 14. Rxb8 Nxb8 15.
Nde4 {[%clk 1:21:31]} Rd8 {[%clk 0:50:22]} 16. Qb3 {[%clk 1:19:41]} Nxe4
{[%clk 0:39:41]} 17. Nxe4 {[%clk 1:17:02]} Bf8 {[%clk 0:33:35]} 18. f4
{[%clk 1:10:47]} Nd7 {[%clk 0:25:01]} 19. fxe5 {[%clk 1:05:07]} Nxe5
{[%clk 0:25:14]} 20. d4 {[%clk 1:01:34]} Ng4 {[%clk 0:22:42]} 21. h3
{[%clk 0:53:16]} Nh6 {[%clk 0:22:48]} 22. g4 {[%clk 0:48:41]} Bg7
{[%clk 0:20:31]} 23. Nf6+ {[%clk 0:45:55]} Kh8 {[%clk 0:20:11]} 24. Qe3
{[%clk 0:42:39]} Ng8 {[%clk 0:16:45]} 25. Ne8 {[%clk 0:41:49]} Qe7
{[%clk 0:14:55]} 26. Qxe7 {[%clk 0:41:53]} Nxe7 {[%clk 0:15:20]} 27. Nxd6
{[%clk 0:39:06]} Bxd4+ {[%clk 0:14:24]} 28. Kh1 {[%clk 0:37:55]} Be6
{[%clk 0:09:31]} 29. Nxf7+ {[%clk 0:31:30]} Bxf7 {[%clk 0:09:52]} 30. Bxe7
{[%clk 0:23:11]} Re8 {[%clk 0:10:04]} 31. Rxf7 Kg8 {[%clk 0:10:25]} 32. Rf4
{[%clk 0:23:51]} Be5 {[%clk 0:10:30]} 33. Bg5 {[%clk 0:24:07]} Bxf4
{[%clk 0:09:51]} 34. Bxf4 {[%clk 0:24:37]} Rxe2 {[%clk 0:10:12]} 35. a4
{[%clk 0:24:41]} 1-0

[Event "World Chess Olympiad 2018"]
[Site "Batumi"]
[Date "2018.09.26"]
[Round "3"]
[Board "1"]
[WhiteFideId "12000108"]
[White "Mannhart Marcel"]
[BlackFideId "3000010"]
[Black "Rodriguez Vila Andres"]
[Result "0-1"]
[LiveChessVersion "1.4.8"]
[BlackElo "2477"]
[WhiteElo "2096"]

1. Nc3 {[%clk 1:30:55]} d5 {[%clk 1:30:40]} 2. e4 {[%clk 1:31:19]} d4
{[%clk 1:30:02]} 3. Nce2 {[%clk 1:31:35]} e5 {[%clk 1:29:52]} 4. Ng3
{[%clk 1:31:51]} Bd6 {[%clk 1:29:03]} 5. Bc4 {[%clk 1:31:17]} Nf6
{[%clk 1:28:36]} 6. d3 {[%clk 1:30:30]} O-O {[%clk 1:28:53]} 7. Nf3
{[%clk 1:27:36]} Nc6 {[%clk 1:29:15]} 8. a3 {[%clk 1:26:53]} Be6 {[%clk 1:24:58]}
9. Bxe6 {[%clk 1:26:06]} fxe6 {[%clk 1:25:22]} 10. O-O {[%clk 1:25:40]} h6
{[%clk 1:23:51]} 11. h3 {[%clk 1:25:15]} Ne7 {[%clk 1:23:54]} 12. Re1
{[%clk 1:22:17]} Ng6 {[%clk 1:24:00]} 13. Nf1 {[%clk 1:12:27]} c5
{[%clk 1:24:07]} 14. c3 {[%clk 1:12:00]} Rf7 {[%clk 1:14:45]} 15. cxd4
{[%clk 1:10:57]} cxd4 {[%clk 1:15:02]} 16. Qb3 {[%clk 1:10:19]} Qd7
{[%clk 1:14:45]} 17. Bd2 {[%clk 1:10:03]} Nh5 {[%clk 1:14:54]} 18. N3h2
{[%clk 0:58:50]} Raf8 {[%clk 1:14:45]} 19. f3 {[%clk 0:57:53]} Nhf4
{[%clk 1:14:53]} 20. Bxf4 {[%clk 0:57:26]} Nxf4 {[%clk 1:14:12]} 21. Rac1
{[%clk 0:55:30]} Qe7 {[%clk 1:14:33]} 22. Rc2 {[%clk 0:54:50]} Qg5
{[%clk 1:13:09]} 23. Kh1 {[%clk 0:52:45]} Kh7 {[%clk 1:04:59]} 24. Rd2
{[%clk 0:40:09]} Rc7 {[%clk 1:00:13]} 25. Rb1 {[%clk 0:35:48]} Qg6
{[%clk 0:59:00]} 26. Qd1 {[%clk 0:34:35]} Rfc8 {[%clk 0:59:19]} 27. h4
{[%clk 0:26:50]} Nh5 {[%clk 0:54:24]} 28. Qe1 {[%clk 0:26:16]} Qf7
{[%clk 0:52:28]} 29. g3 {[%clk 0:22:37]} Be7 {[%clk 0:52:16]} 30. Qd1
{[%clk 0:19:47]} g5 {[%clk 0:50:26]} 31. hxg5 {[%clk 0:19:31]} Bxg5
{[%clk 0:50:35]} 32. Rg2 {[%clk 0:19:32]} Nf6 {[%clk 0:44:50]} 33. Rf2
{[%clk 0:11:32]} Nd7 {[%clk 0:42:17]} 34. Kg2 {[%clk 0:09:13]} Qg6
{[%clk 0:40:51]} 35. Nd2 {[%clk 0:08:00]} Rg8 {[%clk 0:40:12]} 36. Ndf1
{[%clk 0:07:30]} Be3 {[%clk 0:38:35]} 37. Rc2 {[%clk 0:07:06]} Rxc2+
{[%clk 0:37:43]} 38. Qxc2 {[%clk 0:07:26]} Bf4 {[%clk 0:38:09]} 39. g4
{[%clk 0:03:54]} h5 {[%clk 0:37:58]} 40. Ng3 {[%clk 0:33:57]} Nf6
{[%clk 1:07:55]} 41. Rh1 {[%clk 0:34:04]} Rg7 {[%clk 1:07:17]} 42. Qc8
{[%clk 0:28:31]} Bxg3 {[%clk 1:05:31]} 43. Kxg3 {[%clk 0:28:44]} Qh6
{[%clk 1:05:56]} 44. Qc1 {[%clk 0:27:44]} Rg5 {[%clk 1:03:48]} 45. Kf2
{[%clk 0:24:08]} Qg7 {[%clk 1:01:50]} 46. Qf1 {[%clk 0:19:10]} Kg8
{[%clk 0:55:53]} 47. gxh5 {[%clk 0:15:14]} Nxh5 {[%clk 0:56:06]} 48. Ng4
{[%clk 0:15:11]} Nf4 {[%clk 0:56:16]} 49. Qd1 {[%clk 0:14:43]} Qf8
{[%clk 0:54:37]} 50. Kg3 {[%clk 0:10:50]} Nh5+ {[%clk 0:52:17]} 51. Kh4
{[%clk 0:10:10]} Rg7 {[%clk 0:45:36]} 52. Rg1 {[%clk 0:06:39]} Kh8
{[%clk 0:43:42]} 53. Kh3 {[%clk 0:04:19]} Rh7 {[%clk 0:43:55]} 54. Kg2
{[%clk 0:04:37]} Qf4 {[%clk 0:40:31]} 55. Kf2 {[%clk 0:04:56]} Rc7
{[%clk 0:38:33]} 56. Qe2 {[%clk 0:04:50]} Qg5 {[%clk 0:32:28]} 57. Rh1
{[%clk 0:03:53]} Kg7 {[%clk 0:32:44]} 58. Qd1 {[%clk 0:03:55]} Rf7
{[%clk 0:31:45]} 59. Rg1 {[%clk 0:03:12]} Kf8 {[%clk 0:27:23]} 60. Qc1
{[%clk 0:03:12]} Nf4 {[%clk 0:27:11]} 61. Qc8+ {[%clk 0:03:13]} Kg7
{[%clk 0:27:25]} 62. Rg3 {[%clk 0:03:30]} Nh5 {[%clk 0:21:44]} 63. Rh3
{[%clk 0:03:09]} Qxg4 {[%clk 0:21:49]} 0-1

[Event "World Chess Olympiad 2018"]
[Site "Batumi"]
[Date "2018.09.26"]
[Round "3"]
[Board "2"]
[WhiteFideId "3000028"]
[White "Roselli Mailhe Bernardo"]
[BlackFideId "12000078"]
[Black "Guller Andras"]
[Result "1-0"]
[LiveChessVersion "1.4.8"]
[BlackElo "2012"]
[WhiteElo "2439"]

1. d4 {[%clk 1:30:55]} d5 {[%clk 1:29:46]} 2. c4 {[%clk 1:31:17]} c6
{[%clk 1:30:07]} 3. Nf3 {[%clk 1:31:40]} Nf6 {[%clk 1:30:27]} 4. Qc2
{[%clk 1:32:02]} g6 {[%clk 1:27:05]} 5. Bf4 {[%clk 1:32:25]} Bg7 {[%clk 1:26:32]}
6. e3 {[%clk 1:32:45]} Bf5 {[%clk 1:23:54]} 7. Qb3 {[%clk 1:33:02]} Qb6
{[%clk 1:22:50]} 8. c5 {[%clk 1:32:33]} Qxb3 {[%clk 1:19:58]} 9. axb3
{[%clk 1:32:56]} Bxb1 {[%clk 1:16:49]} 10. Rxb1 {[%clk 1:33:20]} Nbd7
{[%clk 1:11:45]} 11. b4 {[%clk 1:24:00]} a6 {[%clk 1:10:27]} 12. h3
{[%clk 1:24:02]} O-O {[%clk 1:08:37]} 13. Be2 {[%clk 1:19:12]} Rfe8
{[%clk 1:01:55]} 14. O-O {[%clk 1:13:46]} Ne4 {[%clk 1:00:04]} 15. Rfd1
{[%clk 1:09:08]} e5 {[%clk 0:57:17]} 16. dxe5 {[%clk 1:09:27]} Nxe5
{[%clk 0:57:36]} 17. Nd4 {[%clk 1:09:49]} h5 {[%clk 0:52:49]} 18. f3
{[%clk 1:02:11]} Nf6 {[%clk 0:52:34]} 19. Nb3 {[%clk 0:58:20]} Nh7
{[%clk 0:41:46]} 20. Na5 {[%clk 0:55:00]} Re7 {[%clk 0:41:53]} 21. g4
{[%clk 0:46:52]} hxg4 {[%clk 0:40:43]} 22. hxg4 {[%clk 0:47:17]} Nf8
{[%clk 0:38:14]} 23. Kf2 {[%clk 0:45:28]} Ne6 {[%clk 0:36:31]} 24. Bg3
{[%clk 0:45:36]} f6 {[%clk 0:32:24]} 25. f4 {[%clk 0:39:25]} Nf7 {[%clk 0:32:30]}
26. Bd3 {[%clk 0:39:50]} Nf8 {[%clk 0:31:23]} 27. Kf3 {[%clk 0:37:20]} Rae8
{[%clk 0:29:19]} 28. Re1 {[%clk 0:37:42]} g5 {[%clk 0:27:11]} 29. Re2
{[%clk 0:29:45]} gxf4 {[%clk 0:21:19]} 30. exf4 {[%clk 0:29:58]} Rxe2
{[%clk 0:21:17]} 31. Bxe2 {[%clk 0:30:23]} Ne6 {[%clk 0:21:16]} 32. Kf2
{[%clk 0:20:04]} Nfd8 {[%clk 0:19:26]} 33. Bd3 {[%clk 0:16:45]} Nd4
{[%clk 0:16:12]} 34. Re1 {[%clk 0:13:31]} Rxe1 {[%clk 0:14:55]} 35. Kxe1
{[%clk 0:13:57]} Kf7 {[%clk 0:14:48]} 36. Kd2 {[%clk 0:09:10]} Bh6
{[%clk 0:11:57]} 37. Ke3 {[%clk 0:09:14]} N4e6 {[%clk 0:11:54]} 38. Bf5
{[%clk 0:09:18]} Ke7 {[%clk 0:11:30]} 39. Nb3 {[%clk 0:07:04]} Kf7
{[%clk 0:10:29]} 40. Kf3 {[%clk 0:34:00]} Ke7 {[%clk 0:39:58]} 41. Ke3
{[%clk 0:31:55]} Kf7 {[%clk 0:39:45]} 42. Nc1 {[%clk 0:31:25]} Ke7
{[%clk 0:34:48]} 43. Nd3 {[%clk 0:31:42]} Kf7 {[%clk 0:32:55]} 44. Bf2
{[%clk 0:31:51]} Ke7 {[%clk 0:32:25]} 45. Kf3 {[%clk 0:32:14]} Kf7
{[%clk 0:31:59]} 46. Be3 {[%clk 0:32:38]} Ke7 {[%clk 0:31:58]} 47. Nc1
{[%clk 0:30:38]} Kf7 {[%clk 0:24:07]} 48. Ne2 {[%clk 0:31:01]} Ke7
{[%clk 0:23:55]} 49. Bg1 {[%clk 0:28:29]} Kf7 {[%clk 0:23:57]} 50. Bf2
{[%clk 0:28:52]} Ke7 {[%clk 0:24:04]} 51. Be3 {[%clk 0:29:08]} Kf7
{[%clk 0:24:05]} 52. Ng3 {[%clk 0:29:19]} Bg7 {[%clk 0:21:49]} 53. Bd3
{[%clk 0:28:48]} Bf8 {[%clk 0:17:36]} 54. Nf5 {[%clk 0:28:46]} a5
{[%clk 0:17:49]} 55. bxa5 {[%clk 0:28:27]} Nxc5 {[%clk 0:17:49]} 56. Bc2
{[%clk 0:27:48]} Nde6 {[%clk 0:17:43]} 57. g5 {[%clk 0:22:05]} fxg5
{[%clk 0:17:52]} 58. fxg5 {[%clk 0:22:28]} Nd7 {[%clk 0:17:53]} 59. Nh6+
{[%clk 0:19:16]} Bxh6 {[%clk 0:13:18]} 60. gxh6 {[%clk 0:19:36]} Ndf8
{[%clk 0:13:41]} 61. Kg4 {[%clk 0:15:21]} Kf6 {[%clk 0:11:37]} 62. b4
{[%clk 0:11:40]} d4 {[%clk 0:10:30]} 63. Bf2 {[%clk 0:11:45]} Ng6
{[%clk 0:10:38]} 64. h7 {[%clk 0:08:42]} Ne5+ {[%clk 0:10:50]} 65. Kg3
{[%clk 0:08:43]} Kg7 {[%clk 0:11:01]} 66. Bf5 {[%clk 0:07:24]} d3
{[%clk 0:10:23]} 67. Bxe6 {[%clk 0:06:59]} d2 {[%clk 0:10:44]} 68. Bb3
{[%clk 0:07:25]} Kxh7 {[%clk 0:10:09]} 69. Bd4 {[%clk 0:06:11]} Nd3
{[%clk 0:09:58]} 70. Bc3 {[%clk 0:05:11]} Nc1 {[%clk 0:10:16]} 71. Bc2+
{[%clk 0:05:05]} 1-0

[Event "World Chess Olympiad 2018"]
[Site "Batumi"]
[Date "2018.09.26"]
[Round "3"]
[Board "3"]
[WhiteFideId "200450"]
[White "Iclicki Willy"]
[BlackFideId "3003809"]
[Black "Lopez Azambuja Nicolas"]
[Result "0-1"]
[LiveChessVersion "1.4.8"]
[BlackElo "2322"]
[WhiteElo "1992"]

1. d4 {[%clk 1:30:17]} Nf6 {[%clk 1:30:54]} 2. c4 {[%clk 1:30:41]} e6
{[%clk 1:31:18]} 3. Nc3 {[%clk 1:31:04]} Bb4 {[%clk 1:31:40]} 4. e3
{[%clk 1:31:25]} O-O {[%clk 1:31:52]} 5. Bd3 {[%clk 1:31:43]} d5 {[%clk 1:32:05]}
6. Nge2 {[%clk 1:31:35]} dxc4 {[%clk 1:31:22]} 7. Bxc4 {[%clk 1:31:50]} e5
{[%clk 1:30:54]} 8. a3 {[%clk 1:30:30]} Bd6 {[%clk 1:27:41]} 9. Nb5
{[%clk 1:29:23]} Nc6 {[%clk 1:22:29]} 10. O-O {[%clk 1:27:29]} e4
{[%clk 1:20:35]} 11. Nxd6 {[%clk 1:25:45]} cxd6 {[%clk 1:15:37]} 12. f3
{[%clk 1:10:51]} d5 {[%clk 1:11:18]} 13. Bb5 {[%clk 1:02:54]} Ne7
{[%clk 1:03:17]} 14. fxe4 {[%clk 0:55:26]} Nxe4 {[%clk 1:01:49]} 15. Nc3
{[%clk 0:55:14]} Bf5 {[%clk 0:50:27]} 16. Nxe4 {[%clk 0:52:34]} Bxe4
{[%clk 0:50:27]} 17. Qe2 {[%clk 0:40:13]} Rc8 {[%clk 0:42:10]} 18. Bd3
{[%clk 0:34:45]} Bxd3 {[%clk 0:33:04]} 19. Qxd3 {[%clk 0:35:03]} Qc7
{[%clk 0:28:59]} 20. Bd2 {[%clk 0:34:06]} Qc2 {[%clk 0:28:41]} 21. Qxc2
{[%clk 0:33:37]} Rxc2 {[%clk 0:29:07]} 22. Bb4 {[%clk 0:24:55]} Re8
{[%clk 0:26:20]} 23. Bxe7 {[%clk 0:17:08]} Rxe7 {[%clk 0:24:29]} 24. Rac1
{[%clk 0:15:51]} Rcc7 {[%clk 0:21:10]} 25. Rxc7 {[%clk 0:06:46]} Rxc7
{[%clk 0:21:35]} 26. Rf2 {[%clk 0:06:27]} g6 {[%clk 0:09:06]} 27. Rd2
{[%clk 0:06:15]} Kg7 {[%clk 0:09:00]} 28. Kf2 {[%clk 0:06:43]} Kf6
{[%clk 0:07:31]} 29. Ke2 {[%clk 0:06:32]} Kf5 {[%clk 0:06:46]} 30. Kd3
{[%clk 0:06:57]} h5 {[%clk 0:06:38]} 31. Rf2+ {[%clk 0:07:13]} Ke6
{[%clk 0:06:00]} 32. Rf1 {[%clk 0:05:02]} h4 {[%clk 0:05:03]} 33. g3
{[%clk 0:03:10]} hxg3 {[%clk 0:04:45]} 34. hxg3 {[%clk 0:03:36]} Rc8
{[%clk 0:05:05]} 35. Rh1 {[%clk 0:02:53]} a5 {[%clk 0:04:42]} 36. g4
{[%clk 0:01:59]} Rc6 {[%clk 0:04:09]} 37. e4 {[%clk 0:01:19]} dxe4+
{[%clk 0:04:24]} 38. Kxe4 {[%clk 0:01:46]} Rc2 {[%clk 0:04:43]} 39. b4
{[%clk 0:01:42]} a4 {[%clk 0:04:28]} 40. Rh8 {[%clk 0:31:17]} Re2+
{[%clk 0:33:12]} 41. Kd3 {[%clk 0:31:06]} Ra2 {[%clk 0:31:34]} 42. Rb8
{[%clk 0:26:26]} Kd5 {[%clk 0:25:28]} 43. Rd8+ {[%clk 0:25:18]} Kc6
{[%clk 0:25:48]} 44. Kc4 {[%clk 0:23:36]} b5+ {[%clk 0:25:49]} 45. Kd3
{[%clk 0:23:52]} Rxa3+ {[%clk 0:26:14]} 46. Ke4 {[%clk 0:24:20]} Rg3
{[%clk 0:23:17]} 47. Kf4 {[%clk 0:18:38]} Rb3 {[%clk 0:23:19]} 48. Rf8
{[%clk 0:18:30]} Kd5 {[%clk 0:20:00]} 0-1

[Event "World Chess Olympiad 2018"]
[Site "Batumi"]
[Date "2018.09.26"]
[Round "3"]
[Board "4"]
[WhiteFideId "3000486"]
[White "Muniz Rafael"]
[BlackFideId "14531216"]
[Black "Jelic Dejan"]
[Result "1-0"]
[LiveChessVersion "1.4.8"]
[BlackElo "1890"]
[WhiteElo "2248"]

1. e4 {[%clk 1:30:54]} e5 {[%clk 1:30:55]} 2. Nf3 {[%clk 1:31:10]} Nc6
{[%clk 1:31:22]} 3. Bc4 {[%clk 1:31:27]} Nf6 {[%clk 1:31:40]} 4. d3
{[%clk 1:31:44]} Bc5 {[%clk 1:31:28]} 5. O-O {[%clk 1:31:22]} O-O
{[%clk 1:30:56]} 6. Bg5 {[%clk 1:27:04]} Be7 {[%clk 1:30:49]} 7. c3
{[%clk 1:21:51]} d6 {[%clk 1:27:19]} 8. Bb3 {[%clk 1:17:45]} Na5 {[%clk 1:09:39]}
9. Bc2 {[%clk 1:17:48]} c5 {[%clk 1:09:54]} 10. d4 {[%clk 1:05:34]} cxd4
{[%clk 1:09:36]} 11. cxd4 {[%clk 1:05:54]} Nc6 {[%clk 1:09:40]} 12. dxe5
{[%clk 0:50:50]} dxe5 {[%clk 1:07:59]} 13. h3 {[%clk 0:43:08]} Qb6
{[%clk 0:59:40]} 14. Nc3 {[%clk 0:33:59]} Rd8 {[%clk 0:48:57]} 15. Nd5
{[%clk 0:27:54]} Nxd5 {[%clk 0:49:04]} 16. exd5 {[%clk 0:28:11]} Bxg5
{[%clk 0:47:45]} 17. Nxg5 {[%clk 0:26:23]} h6 {[%clk 0:27:17]} 18. Nxf7
{[%clk 0:21:38]} Kxf7 {[%clk 0:27:27]} 19. Qh5+ {[%clk 0:21:04]} Kg8
{[%clk 0:26:56]} 20. dxc6 {[%clk 0:21:00]} Qxc6 {[%clk 0:26:53]} 21. Rac1
{[%clk 0:17:28]} Qe8 {[%clk 0:23:46]} 22. Bg6 {[%clk 0:16:19]} Qe7
{[%clk 0:22:15]} 23. Rfe1 {[%clk 0:13:29]} Qf6 {[%clk 0:21:44]} 24. Rxe5
{[%clk 0:11:31]} Be6 {[%clk 0:21:45]} 25. Be4 {[%clk 0:08:53]} Rd2
{[%clk 0:21:09]} 26. Bf3 {[%clk 0:04:47]} Rad8 {[%clk 0:20:45]} 27. Rce1
{[%clk 0:04:09]} Bf7 {[%clk 0:19:08]} 28. Qf5 {[%clk 0:02:52]} Rxb2
{[%clk 0:13:59]} 29. Qxf6 {[%clk 0:02:33]} gxf6 {[%clk 0:14:23]} 30. Re7
{[%clk 0:02:45]} Rxa2 {[%clk 0:11:41]} 31. Rxb7 {[%clk 0:02:45]} Bd5
{[%clk 0:04:07]} 32. Bxd5+ {[%clk 0:02:59]} 1-0

[Event "World Chess Olympiad 2018"]
[Site "Batumi"]
[Date "2018.09.26"]
[Round "3"]
[Board "1"]
[WhiteFideId "20500220"]
[White "Mphungu Gerrard"]
[BlackFideId "5901871"]
[Black "Michaelides Konstantinos"]
[Result "0-1"]
[LiveChessVersion "1.4.8"]
[BlackElo "2209"]
[WhiteElo "2091"]

1. d4 {[%clk 1:30:21]} Nf6 {[%clk 1:30:36]} 2. c4 {[%clk 1:30:46]} e6
{[%clk 1:30:46]} 3. Nc3 {[%clk 1:31:07]} Bb4 {[%clk 1:30:43]} 4. Qc2
{[%clk 1:31:31]} Nc6 {[%clk 1:30:19]} 5. Nf3 {[%clk 1:30:35]} d6 {[%clk 1:30:35]}
6. Bg5 {[%clk 1:23:56]} Qe7 {[%clk 1:29:26]} 7. O-O-O {[%clk 1:12:28]} Bxc3
{[%clk 1:24:13]} 8. Qxc3 {[%clk 1:12:34]} Ne4 {[%clk 1:21:02]} 9. Qe3
{[%clk 1:09:42]} Nxg5 {[%clk 1:21:02]} 10. Qxg5 {[%clk 1:08:10]} Qxg5+
{[%clk 1:15:28]} 11. Nxg5 {[%clk 1:08:32]} e5 {[%clk 1:14:49]} 12. d5
{[%clk 1:02:02]} Nb8 {[%clk 1:09:28]} 13. Ne4 {[%clk 0:59:28]} a5
{[%clk 1:06:45]} 14. Nc3 {[%clk 0:53:40]} Na6 {[%clk 1:05:53]} 15. e4
{[%clk 0:52:35]} Nc5 {[%clk 1:04:22]} 16. Bd3 {[%clk 0:52:02]} Ke7
{[%clk 1:00:28]} 17. Bc2 {[%clk 0:49:48]} Bd7 {[%clk 0:57:25]} 18. b3
{[%clk 0:47:59]} Rhb8 {[%clk 0:53:26]} 19. Bd3 {[%clk 0:45:29]} Rf8
{[%clk 0:39:13]} 20. f3 {[%clk 0:39:25]} f5 {[%clk 0:33:15]} 21. exf5
{[%clk 0:36:26]} Bxf5 {[%clk 0:31:08]} 22. Bxf5 {[%clk 0:34:35]} Rxf5
{[%clk 0:31:04]} 23. Rhe1 {[%clk 0:34:09]} Rf4 {[%clk 0:28:22]} 24. Re3
{[%clk 0:29:19]} Raf8 {[%clk 0:25:29]} 25. Kc2 {[%clk 0:27:24]} g5
{[%clk 0:23:21]} 26. h3 {[%clk 0:25:45]} h5 {[%clk 0:21:18]} 27. Ne2
{[%clk 0:25:22]} R4f7 {[%clk 0:21:06]} 28. Ng3 {[%clk 0:25:13]} Rh7
{[%clk 0:20:09]} 29. Ne4 {[%clk 0:25:26]} Nxe4 {[%clk 0:19:35]} 30. Rxe4
{[%clk 0:25:52]} Rg7 {[%clk 0:19:26]} 31. Rde1 {[%clk 0:26:02]} Rf5
{[%clk 0:18:40]} 32. Kd3 {[%clk 0:26:00]} Kf6 {[%clk 0:16:54]} 33. Ke3
{[%clk 0:23:54]} Rf4 {[%clk 0:14:55]} 34. g3 {[%clk 0:23:17]} Rf5
{[%clk 0:14:13]} 35. g4 {[%clk 0:12:06]} Rf4 {[%clk 0:13:44]} 36. Rxf4+
{[%clk 0:12:16]} gxf4+ {[%clk 0:12:17]} 37. Kf2 {[%clk 0:07:21]} Rh7
{[%clk 0:04:25]} 38. Kg2 {[%clk 0:07:09]} c6 {[%clk 0:03:05]} 39. Rd1
{[%clk 0:06:43]} c5 {[%clk 0:02:48]} 40. a4 {[%clk 0:34:59]} hxg4
{[%clk 0:31:26]} 41. hxg4 {[%clk 0:34:20]} e4 {[%clk 0:29:22]} 42. fxe4
{[%clk 0:29:22]} Ke5 {[%clk 0:29:07]} 43. Rh1 {[%clk 0:16:30]} f3+
{[%clk 0:28:49]} 44. Kg1 {[%clk 0:16:46]} f2+ {[%clk 0:29:13]} 45. Kg2
{[%clk 0:16:15]} Rxh1 {[%clk 0:29:38]} 0-1

[Event "World Chess Olympiad 2018"]
[Site "Batumi"]
[Date "2018.09.26"]
[Round "3"]
[Board "2"]
[WhiteFideId "5900328"]
[White "Constantinou Pavlos"]
[BlackFideId "16400119"]
[Black "Chipanga Chiletso"]
[Result "0-1"]
[LiveChessVersion "1.4.8"]
[BlackElo "2153"]
[WhiteElo "2114"]

1. d4 {[%clk 1:30:56]} d5 {[%clk 1:30:56]} 2. c4 {[%clk 1:31:20]} c6
{[%clk 1:31:24]} 3. Nf3 {[%clk 1:31:35]} Nf6 {[%clk 1:31:48]} 4. e3
{[%clk 1:31:49]} e6 {[%clk 1:32:07]} 5. b3 {[%clk 1:32:03]} Nbd7 {[%clk 1:31:20]}
6. Bb2 {[%clk 1:32:24]} Ne4 {[%clk 1:31:22]} 7. Bd3 {[%clk 1:32:20]} Bb4+
{[%clk 1:30:49]} 8. Nbd2 {[%clk 1:29:33]} f5 {[%clk 1:31:02]} 9. a3
{[%clk 1:27:14]} Bd6 {[%clk 1:30:29]} 10. O-O {[%clk 1:26:51]} O-O
{[%clk 1:30:54]} 11. Ne5 {[%clk 1:25:47]} Qg5 {[%clk 1:26:21]} 12. Qe2
{[%clk 1:20:18]} Ndf6 {[%clk 1:23:33]} 13. f3 {[%clk 1:13:55]} Nxd2
{[%clk 1:23:42]} 14. Qxd2 {[%clk 1:14:22]} Qh6 {[%clk 1:23:14]} 15. Rae1
{[%clk 1:11:27]} g5 {[%clk 1:16:03]} 16. e4 {[%clk 1:01:51]} Bd7 {[%clk 1:06:47]}
17. Bc1 {[%clk 0:49:22]} dxe4 {[%clk 1:05:19]} 18. fxe4 {[%clk 0:49:11]} f4
{[%clk 1:05:38]} 19. Nxd7 {[%clk 0:39:36]} Nxd7 {[%clk 1:05:31]} 20. e5
{[%clk 0:38:54]} Be7 {[%clk 1:05:39]} 21. Rf3 {[%clk 0:34:30]} Qg7
{[%clk 1:03:49]} 22. Bb2 {[%clk 0:30:43]} Rf7 {[%clk 0:59:44]} 23. d5
{[%clk 0:30:11]} Bc5+ {[%clk 0:58:31]} 24. Kh1 Re8 25. dxc6 {[%clk 0:25:35]} bxc6
{[%clk 0:58:38]} 26. Be4 {[%clk 0:23:50]} Be3 {[%clk 0:57:53]} 27. Qd6
{[%clk 0:23:56]} g4 {[%clk 0:57:06]} 28. Rff1 {[%clk 0:23:57]} Nb8
{[%clk 0:54:56]} 29. Bxc6 {[%clk 0:23:10]} Nxc6 {[%clk 0:55:11]} 30. Qxc6
{[%clk 0:23:36]} Ree7 {[%clk 0:54:18]} 31. Rd1 {[%clk 0:20:55]} Rf5
{[%clk 0:51:49]} 32. Qc8+ {[%clk 0:15:04]} Kf7 {[%clk 0:44:40]} 33. Rd7
{[%clk 0:15:19]} Kg6 {[%clk 0:44:22]} 34. Rxe7 {[%clk 0:12:51]} Qxe7
{[%clk 0:43:54]} 35. Rd1 {[%clk 0:07:15]} Rf8 {[%clk 0:39:26]} 36. Qc6
{[%clk 0:05:52]} Kf5 {[%clk 0:38:47]} 37. Qd6 {[%clk 0:02:59]} Rf7
{[%clk 0:33:48]} 38. Qxe7 {[%clk 0:02:31]} Rxe7 {[%clk 0:34:16]} 39. b4
{[%clk 0:01:57]} Rb7 {[%clk 0:33:06]} 40. Bc3 {[%clk 0:32:03]} f3
{[%clk 1:01:25]} 41. c5 {[%clk 0:18:01]} a6 {[%clk 0:57:43]} 42. a4
{[%clk 0:17:33]} Rc7 {[%clk 0:55:22]} 43. a5 {[%clk 0:09:20]} Ke4
{[%clk 0:55:08]} 44. g3 {[%clk 0:06:48]} h5 {[%clk 0:52:31]} 45. Bb2
{[%clk 0:01:22]} Rb7 {[%clk 0:47:02]} 46. Bc1 {[%clk 0:00:37]} Bd4
{[%clk 0:46:45]} 47. Ba3 {[%clk 0:00:43]} Kxe5 {[%clk 0:45:48]} 48. Rc1
{[%clk 0:00:33]} Kd5 {[%clk 0:46:00]} 49. Rd1 {[%clk 0:00:39]} e5
{[%clk 0:46:23]} 50. Bb2 {[%clk 0:00:32]} Rxb4 {[%clk 0:46:40]} 51. Bxd4
{[%clk 0:00:58]} Rxd4 {[%clk 0:45:36]} 52. Rc1 {[%clk 0:01:26]} Kc6
{[%clk 0:45:48]} 53. Kg1 {[%clk 0:00:54]} Ra4 {[%clk 0:45:28]} 54. Re1
{[%clk 0:00:57]} e4 {[%clk 0:45:48]} 55. Kf2 {[%clk 0:00:59]} Kxc5
{[%clk 0:45:24]} 56. h4 {[%clk 0:00:56]} Kd4 {[%clk 0:45:01]} 57. Rd1+
{[%clk 0:01:15]} Ke5 {[%clk 0:45:30]} 58. Rd8 {[%clk 0:00:47]} Ra2+
{[%clk 0:44:41]} 59. Ke1 {[%clk 0:01:04]} e3 {[%clk 0:44:12]} 60. Re8+
{[%clk 0:00:31]} Kd4 {[%clk 0:44:19]} 61. Rd8+ {[%clk 0:00:44]} Kc5
{[%clk 0:43:44]} 62. Kd1 {[%clk 0:00:59]} e2+ {[%clk 0:43:53]} 0-1